An illustrative manual of ultrasound guided regional anesthesia : (Record no. 42010)

MARC details
000 -LEADER
fixed length control field 00789nam a22002177a 4500
005 - DATE AND TIME OF LATEST TRANSACTION
control field 2010081407127.0
010 ## - LCCN (DPL NO)
LC control number ENG-100501
020 ## - INTERNATIONAL STANDARD BOOK NUMBER
International Standard Book Number 9788185578941
Terms of availability 395.00
035 ## - SYSTEM CONTROL NUMBER
System control number EN-84034
037 ## - SOURCE OF ACQUISITION
Source of stock number/acquisition DBAD/PUB
082 ## - DEWEY DECIMAL CLASSIFICATION NUMBER
Classification number 610
100 ## - MAIN ENTRY--PERSONAL NAME
Personal name Ponde, Vrushali
245 ## - TITLE STATEMENT
Title An illustrative manual of ultrasound guided regional anesthesia :
Statement of responsibility, etc by Vrushali Ponde
Remainder of title children and adults /
260 ## - PUBLICATION, DISTRIBUTION, ETC. (IMPRINT)
Place of publication, distribution, etc Mumbai
Name of publisher, distributor, etc Bhalani Publishing House
Date of publication, distribution, etc 2009
270 ## - ADDRESS
Address 11 Mavawala Building Opp. K.E.M. Hospital Parel
City Mumbai
Postal code 400012
300 ## - PHYSICAL DESCRIPTION
Extent xii, 98p.:
Dimensions 24cm (pbk)
Other physical details ill.
Accompanying material photoes
500 ## - GENERAL NOTE
General note includes index
700 ## - ADDED ENTRY--PERSONAL NAME
9 (RLIN) 13414
942 ## - ADDED ENTRY ELEMENTS (KOHA)
Source of classification or shelving scheme Dewey Decimal Classification
Item type English Books
Classification part 610
Call number suffix PON
Holdings
Withdrawn status Lost status Not for loan Collection code Home library Current library Date acquired Source of acquisition Cost, normal purchase price Full call number Barcode Copy number Cost, replacement price Koha item type
    Not For Loan Non-fiction D.B.Act.Division D.B.Act.Division 14/08/2010 DBAD/PUB 395.00 610 PON EN-84034 1 395.00 English Books

© Delhi Public Library
Hit Counter
free hit counter